| 000 | 00772nam a22002297a 4500 | ||
|---|---|---|---|
| 005 | 20170124110100.0 | ||
| 010 | _aB-209605 | ||
| 020 |
_c450.00 _a9788175411517 |
||
| 035 | _aB-209605 | ||
| 037 | _bCen Lib/Ret | ||
| 040 |
_aDPL _bEN |
||
| 082 |
_a959.8 _bJHA |
||
| 100 |
_aJha, Ganganath _927030 |
||
| 245 |
_aIndonesia : _cby Ganganath Jha _bsociety and politics / |
||
| 260 |
_bShipra Publications _aDelhi _c2003 |
||
| 270 |
_a115-A, shakarpur, vikas marg _bDelhi _e110092 |
||
| 300 |
_aviii, 181p. _c21cm(Hb) |
||
| 500 | _aIncludes appendix, bibliographical references and index | ||
| 650 |
_aAutonomy and independence movements--Indonesia _973721 |
||
| 650 |
_aIslamic fundamentalism--Indonesia _973722 |
||
| 942 |
_2ddc _cEN _h959.8 _mJHA |
||
| 999 |
_c129653 _d129653 |
||